| 000 | 00657 a2200217 4500 | ||
|---|---|---|---|
| 003 | CBULib | ||
| 005 | 20231013101907.0 | ||
| 008 | 231013b |||||||| |||| 00| 0 eng d | ||
| 020 | _a9780192856739 | ||
| 040 |
_bEnglish _cCBULib _erda |
||
| 050 | _aB 721 Ada | ||
| 100 | _aAdamson, Peter | ||
| 245 |
_aMedieval philosophy : a history of philosopphy without any gaps. Volume 4 _c/ by Peter Adamson |
||
| 260 |
_bOxford University Press, _c2019 _aOxford : |
||
| 300 | _axxii, 637 pages | ||
| 336 |
_2rdacontent _aText | |
||
| 337 |
_2rdamedia _aUnmediated | |
||
| 338 |
_2rdacarrier _aVolume |
||
| 650 | 0 |
_9841 _aPHILOSOPHY, MEDIEVAL |
|
| 942 |
_2lcc _c002 |
||
| 999 |
_c82969 _d82969 |
||